Loading...
| Fine Arts - Classical Music and Opera | 1 | 5 | 1 | 1 | 60 | 88 | 120.50 | 0 | 1 | 0.00 | 0.00 |
| Science - Physics | 1 | 6 | 3 | 1 | 60 | 51 | 98.43 | 1 | 4 | 0.00 | 0.00 |
| Philosophy | 1 | 4 | 1 | 0 | 50 | 85 | 114.40 | 0 | 5 | 0.00 | 0.00 |
| Science - Chemistry | 1 | 5 | 3 | 0 | 50 | 53 | 99.33 | 0 | 2 | 0.00 | 0.00 |
| Social Science | 0 | 4 | 1 | 2 | 35 | 84 | 123.25 | 0 | 0 | 0.00 | 0.00 |
| Fine Arts - Other Arts | 1 | 1 | 0 | 0 | 25 | 30 | 72.50 | 1 | 1 | 0.00 | 0.00 |
| Science - Biology | 0 | 2 | 0 | 1 | 20 | 88 | 110.50 | 0 | 2 | 0.00 | 0.00 |
| Fine Arts - Painting and Sculpture | 0 | 2 | 0 | 1 | 20 | 140 | 142.00 | 0 | 2 | 0.00 | 0.00 |
| Other Culture | 1 | 0 | 0 | 0 | 15 | 45 | 45.00 | 1 | 1 | 0.00 | 0.00 |
| Other Science (Mixed/Any) | 1 | 0 | 0 | 0 | 15 | 52 | 52.00 | 1 | 1 | 0.00 | 0.00 |
| Other Science (Computer Science) | 0 | 1 | 0 | 0 | 10 | 116 | 116.00 | 0 | 0 | 0.00 | 0.00 |
| Other Academic | 0 | 1 | 0 | 0 | 10 | 90 | 90.00 | 0 | 1 | 0.00 | 0.00 |
| Religion | 0 | 1 | 0 | 0 | 10 | 155 | 155.00 | 0 | 0 | 0.00 | 0.00 |
| Other Science (Engineering) | 0 | 1 | 0 | 0 | 10 | 108 | 108.00 | 0 | 0 | 0.00 | 0.00 |
| History - Other | 0 | 1 | 0 | 1 | 10 | 149 | 149.00 | 0 | 0 | 0.00 | 0.00 |
| Other Science (Earth Science) | 0 | 1 | 0 | 1 | 10 | 152 | 152.00 | 0 | 0 | 0.00 | 0.00 |
| Other Science (Math) | 0 | 1 | 3 | 0 | -5 | 92 | 92.00 | 0 | 1 | 0.00 | 0.00 |